2007 Yellow & white pages on CD-ROM.

Bibliographic Details
Format: Book
Published: Dubai: Al-Wahda Express, 2007.
Subjects:
LEADER 00591cam a2200157 7i4500
001 0000020491
005 20080125090000.0
090 0 0 |a CD 910.2595357   |b YEL [UAE] 
245 0 0 |a 2007 Yellow & white pages on CD-ROM. 
260 0 0 |a Dubai:   |b Al-Wahda Express,   |c 2007. 
300 # # |a Electronic computer optical disc (CD-ROM). 
650 0 0 |a Business --   |x Directories --   |z United Arab Emirates  
650 0 0 |a Yellow pages --   |z United Arab Emirates  
650 0 0 |a United Arab Emirates --   |x Telephone directories  
651 0 0 |a United Arab Emirates  
999 |a CDR000609H  |b CD-ROM  |c AV Collection  |e Business Information Centre